Central Library OPAC University of Rajshahi

Effectiveness of Radio and Television Programme in the Disseminating Agricultural Information As Perceived by the Farmers of Sadar Upazila Under Sylhet District / (Record no. 83877)

MARC details
000 -LEADER
fixed length control field 01117nam a2200253 a 4500
001 - CONTROL NUMBER
RUCL Control Number 83877
003 - CONTROL NUMBER IDENTIFIER
rucl marc code BD-RjUL
005 - DATE AND TIME OF LATEST TRANSACTION
control field 20240603111851.0
008 - FIXED-LENGTH DATA ELEMENTS--GENERAL INFORMATION
fixed length control field 240603s2010 bg a|||| m||| 00| 0 eng d
035 ## - SYSTEM CONTROL NUMBER
system control number (BD-RjUL)83877
040 ## - CATALOGING SOURCE
Original cataloging agency BD-RjUL
Language of cataloging eng
Transcribing agency BD-RjUL
Modifying agency BD-RjUL
041 ## - LANGUAGE CODE
Language code of Book eng
082 ## - DEWEY DECIMAL CLASSIFICATION NUMBER
DDC Edition number 23
Classification number 630.2018
Author mark and Year AME 2010
100 ## - MAIN ENTRY--PERSONAL NAME
Personal name Amin, Md. Ruhul
245 10 - TITLE STATEMENT
Title Effectiveness of Radio and Television Programme in the Disseminating Agricultural Information As Perceived by the Farmers of Sadar Upazila Under Sylhet District /
Statement of responsibility, etc By Md. Ruhul Amin ;
Name of Supervisor/Co-Supervisor Supervisor : M. Abul Kashem, Supervisor : Md. Arifur Rahman
260 ## - PUBLICATION, DISTRIBUTION, ETC. (IMPRINT)
Place of publication, distribution, etc Rajshahi :
Name of publisher, distributor, etc Department of Agronomy and Agricultural Extension, University of Rajshahi,
Date of publication, distribution, etc 2010
300 ## - PHYSICAL DESCRIPTION
Pagination xviii, 192 Leaves :
Other physical details ill, ;
Dimensions 29 cm.
502 ## - DISSERTATION NOTE
Dissertation note Thesis (Ph. D.) -- Department of Agronomy and Agricultural Extension, University of Rajshahi, 2010
504 ## - BIBLIOGRAPHY, ETC. NOTE
Bibliography, etc Bibliography : Leaves 161-171
650 ## - SUBJECT ADDED ENTRY--TOPICAL TERM
Topical term or geographic name as entry element Agricultural
Form subdivision Aodiovisual Treatment
9 (RLIN) 13286
700 ## - ADDED ENTRY--SUPERVISOR/CO-SUPERVISOR NAME
Personal name Kashem, M. Abul, Supervisor
9 (RLIN) 13287
Personal name Rahman, Md. Arifur, Supervisor
9 (RLIN) 3088
942 ## - ADDED ENTRY ELEMENTS (KOHA)
Source of classification or shelving scheme Dewey Decimal Classification
Koha item type Theses
Holdings
Source of classification or shelving scheme Damaged status Not for loan Collection code Permanent Location Current Location Shelving location Date of accession Source of acquisition Total Checkouts Full call number Barcode Date last seen Copy number Thesis
Dewey Decimal Classification   Not For Loan Theses Central Library, University of Rajshahi Central Library, University of Rajshahi Documentation Section 09/06/2011 Controller of Exam. R. U.   THE 630.2018 AME 2010 D3267 03/06/2024 C-I Theses